| 000 | 005850000a22001930004500 | ||
|---|---|---|---|
| 090 |
_aAR _b00432 |
||
| 245 | 1 | 0 | _aConservación de primates en Colombia |
| 650 | 1 | 4 |
_aMamíferos _992510 |
| 650 | 1 | 4 |
_aPrimates _992938 |
| 650 | 1 | 4 |
_aEstatus de conservación _993394 |
| 650 | 1 | 4 |
_aTaxonomía animal _98245 |
| 650 | 1 | 4 |
_aParques nacionales naturales _992751 |
| 651 | 4 |
_pColombia _992749 |
|
| 653 |
_gSaguinus _eSaguinus leucopus |
||
| 041 | 0 | _aEspañol | |
| 100 | 1 |
_aDefler, Thomas R. _96444 |
|
| 942 | _cARTICULO | ||
| 773 | 1 |
_tTrianea: Acta Científica y Tecnológica _3159 _h5 _q255-287 _d1994 |
|
| 999 |
_c9528 _d9528 |
||